| 000 | 01074cam a2200217 4500 | ||
|---|---|---|---|
| 001 | ABS66479 | ||
| 008 | 030226n2003 000 0 eng u | ||
| 035 | _a(Sirsi) u121425 | ||
| 100 | _aImpey, L. | ||
| 245 | _aTread carefully into 10-year commitment of stewardship | ||
| 260 | _c2003 | ||
| 490 |
_aFarmers' Weekly _v138(8) 21 February 2003, 14(1) |
||
| 520 | _aSummarises what farmers need to consider before entering into the Countryside Stewardship Scheme such as the overall aims of the scheme, the level of commitment required and the level of payment as opposed to reduced farm income. Outlines what the scheme does and what the landowner is required to do. Also includes a short section on the new Entry Level Scheme which is being piloted this year and will be a shorter term commitment allowing more farmers to be involved in conservation. | ||
| 590 | _aABS | ||
| 650 | _aCOUNTRYSIDE STEWARDSHIP SCHEME | ||
| 650 | _aNATURE CONSERVATION | ||
| 650 | _aFARMING | ||
| 650 | _aAGRI-ENVIRONMENT SCHEMES | ||
| 690 | _aRURAL-NATURE CONSERVATION | ||
| 942 | _n0 | ||
| 999 |
_c72153 _d72153 |
||